000
00303nam a22001217a 4500
008
260423b |||||||| |||| 00| 0 eng d
082
_a
001292
100
_a
Kumar, Pushpendra
245
_a
Samarangana Sutradhara
260
_a
Delhi
_b
New Bharatiya Book Corporation
_c
2021
300
_a
896p
942
_2
ddc
999
_c
1284
_d
1284